2501-近江鉄道の駅 - Statistics

General Stats
  • This quiz has been taken 135 times
  • The average score is 23 of 35
Answer Stats
本線 % Correct
米原
97%
八日市
97%
八日市
97%
彦根
94%
近江八幡
91%
多賀大社前
90%
貴生川
89%
スクリーン
83%
高宮
79%
高宮
79%
水口
78%
ひこね芹川
74%
新八日市
74%
豊郷
73%
京セラ前
71%
水口城南
63%
フジテック前
62%
日野
62%
武佐
62%
愛知川
61%
太郎坊宮前
60%
鳥居本
57%
五箇荘
54%
水口石橋
53%
彦根口
52%
水口松尾
49%
河辺の森
47%
桜川
47%
市辺
47%
尼子
46%
平田
46%
朝日野
45%
朝日大塚
42%
大学前
40%
長谷野
39%
No matching quizzes found
Score Distribution
Percent of People with Each Score
Percentile by Number Answered
Your Score History
You have not taken this quiz